000 00372nam a2200145Ia 4500
008 151213s9999 xx 000 0 und d
100 _aAbu Taher Mojumder
245 _aSir William Jones : A. Poetical Study
_cAbu Taher Mojumder
260 _aDhaka
_c1978
300 _a7414 p.
650 _aEnglish
650 _aEnglish
700 _aAbu Taher Mojumder
999 _c3952
_d3952